| 000 | 00340 a2200109 4500 | ||
|---|---|---|---|
| 001 | ART_17416 | ||
| 005 | 20260410161820.0 | ||
| 008 | 260409a | ||
| 245 | 1 | 0 | _aNuevos agentes de información a la UIF |
| 100 | 1 | _aDomínguez, Marcelo E. | |
| 773 | 0 |
_tDoctrina Penal Tributaria y Económica _g- Nº 18 (mar. 2011) _wREV4317 |
|
| 999 |
_c22248 _d22248 |
||